Antic hay (Record no. 29363)

MARC details
000 -LEADER
fixed length control field 00247nam a2200109Ia 4500
082 ## - DEWEY DECIMAL CLASSIFICATION NUMBER
Classification number 82-3
Item number HUX;2
100 ## - MAIN ENTRY--AUTHOR NAME
Personal name Huxley, Aldous
245 #0 - TITLE STATEMENT
Title Antic hay
260 ## - PUBLICATION, DISTRIBUTION, ETC. (IMPRINT)
Place of publication Herts
Name of publisher Triad
Year of publication 1977
942 ## - ADDED ENTRY ELEMENTS (KOHA)
Koha item type Books
Holdings
Withdrawn status Lost status Damaged status Not for loan Home library Current library Date acquired Cost, normal purchase price Full call number Accession Number Koha item type
        RRII Library RRII Library 16/12/2021 95.00 82-3 HUX;2 09950 Books